[Event "MARIENBAD OPEN 2020 - A, B - closed tournaments"]
[Site "?"]
[Date "2020.01.25"]
[Round "9"]
[White "Vetokhin, Savva"]
[Black "Sharma, Isha"]
[Result "1/2-1/2"]
[BlackElo "2169"]
[WhiteElo "2113"]
[LiveChessVersion "1.4.8"]

1. e4 {[%clk 1:30:57]} e6 {[%clk 1:30:55]} 2. d4 {[%clk 1:31:15]} d5
{[%clk 1:31:20]} 3. Nd2 {[%clk 1:31:39]} Nf6 {[%clk 1:28:26]} 4. e5
{[%clk 1:31:55]} Nfd7 {[%clk 1:28:52]} 5. Bd3 {[%clk 1:32:17]} c5
{[%clk 1:29:18]} 6. c3 {[%clk 1:32:43]} Nc6 {[%clk 1:29:45]} 7. Ne2
{[%clk 1:33:08]} cxd4 {[%clk 1:30:10]} 8. cxd4 {[%clk 1:33:36]} f6
{[%clk 1:30:34]} 9. exf6 {[%clk 1:34:03]} Nxf6 {[%clk 1:30:59]} 10. Nf3
{[%clk 1:34:15]} Bd6 {[%clk 1:31:22]} 11. O-O {[%clk 1:34:40]} Qc7
{[%clk 1:31:49]} 12. Bg5 {[%clk 1:34:19]} O-O {[%clk 1:32:02]} 13. Bh4
{[%clk 1:33:04]} Nh5 14. Qc2 {[%clk 1:21:03]} h6 {[%clk 1:32:08]} 15. Bg6
{[%clk 1:20:51]} Rxf3 {[%clk 1:23:42]} 16. Bxh5 {[%clk 1:17:15]} Rf8
{[%clk 1:21:22]} 17. Bg3 {[%clk 1:05:49]} Bd7 {[%clk 1:19:55]} 18. Qd2
{[%clk 1:02:45]} Rf6 {[%clk 1:15:46]} 19. Rad1 {[%clk 1:00:00]} a6
{[%clk 1:08:50]} 20. Bg4 {[%clk 0:57:13]} Raf8 {[%clk 1:07:08]} 21. Bxd6
{[%clk 0:56:05]} Qxd6 {[%clk 1:07:32]} 22. f4 {[%clk 0:54:23]} Ne7
{[%clk 1:06:01]} 23. g3 {[%clk 0:54:19]} Nf5 {[%clk 1:04:11]} 24. Nc3
{[%clk 0:54:01]} Rc8 {[%clk 1:03:21]} 25. Rfe1 {[%clk 0:53:49]} Ne7
{[%clk 0:57:32]} 26. Qe3 {[%clk 0:49:28]} Qb4 {[%clk 0:55:34]} 27. Rd2
{[%clk 0:48:02]} Rc4 {[%clk 0:54:02]} 28. a3 {[%clk 0:47:26]} Qb6
{[%clk 0:54:26]} 29. Red1 {[%clk 0:45:57]} Be8 {[%clk 0:49:19]} 30. Kg2
{[%clk 0:44:12]} Bg6 {[%clk 0:49:26]} 31. Be2 {[%clk 0:40:03]} Rc8
{[%clk 0:49:22]} 32. Bd3 {[%clk 0:40:13]} Bxd3 {[%clk 0:48:37]} 33. Qxd3
{[%clk 0:40:28]} Nf5 {[%clk 0:47:59]} 34. Na4 {[%clk 0:39:00]} Qb5
{[%clk 0:44:40]} 35. Nc3 {[%clk 0:37:57]} Qb3 {[%clk 0:43:32]} 36. Kg1
{[%clk 0:36:06]} Qc4 {[%clk 0:41:17]} 37. Qf3 {[%clk 0:33:01]} Qb3
{[%clk 0:39:31]} 38. Qd3 {[%clk 0:32:46]} Kh8 {[%clk 0:39:35]} 39. Qe2
{[%clk 0:31:09]} Qc4 {[%clk 0:33:03]} 40. Qf2 {[%clk 0:27:29]} b5
{[%clk 0:32:46]} 41. Ne2 {[%clk 0:26:39]} Qb3 {[%clk 0:31:42]} 42. Nc1
{[%clk 0:26:54]} Qa4 {[%clk 0:29:18]} 43. Ne2 {[%clk 0:25:04]} Nd6
{[%clk 0:28:54]} 44. Rd3 {[%clk 0:20:29]} Rc2 {[%clk 0:26:37]} 45. Nc3
{[%clk 0:18:59]} Ne4 {[%clk 0:23:52]} 46. Qe1 {[%clk 0:16:45]} Nxc3
{[%clk 0:23:48]} 47. bxc3 {[%clk 0:14:34]} Qxa3 {[%clk 0:23:39]} 48. Qe3
{[%clk 0:13:22]} Qb2 {[%clk 0:23:15]} 49. R1d2 {[%clk 0:13:18]} Qc1+
{[%clk 0:22:51]} 50. Rd1 {[%clk 0:12:54]} Qxe3+ {[%clk 0:22:56]} 51. Rxe3
{[%clk 0:13:22]} a5 {[%clk 0:19:32]} 52. Rb1 {[%clk 0:12:23]} a4 {[%clk 0:19:59]}
53. Rxb5 {[%clk 0:09:50]} a3 {[%clk 0:20:25]} 54. Re1 {[%clk 0:03:47]} g5
{[%clk 0:18:04]} 55. Ra5 {[%clk 0:02:15]} gxf4 {[%clk 0:16:30]} 56. Rxa3
{[%clk 0:02:30]} f3 {[%clk 0:16:32]} 57. Rf1 {[%clk 0:02:30]} Rd2
{[%clk 0:11:27]} 58. Ra6 {[%clk 0:02:30]} Kg7 {[%clk 0:09:57]} 59. Rf2
{[%clk 0:01:30]} Rd1+ {[%clk 0:10:20]} 60. Rf1 {[%clk 0:01:55]} Rd3
{[%clk 0:10:44]} 61. Rc6 {[%clk 0:01:25]} Kg6 {[%clk 0:10:47]} 62. c4
{[%clk 0:30:10]} Rxd4 {[%clk 0:40:56]} 63. cxd5 {[%clk 0:30:30]} Rxd5
{[%clk 0:41:10]} 64. Rc3 {[%clk 0:30:59]} Rdf5 {[%clk 0:41:24]} 65. Kf2
{[%clk 0:31:16]} Rh5 {[%clk 0:37:07]} 66. h4 {[%clk 0:28:31]} Ra5
{[%clk 0:36:11]} 67. Kg1 {[%clk 0:25:52]} Raf5 {[%clk 0:32:51]} 68. Kf2
{[%clk 0:25:53]} Rb5 {[%clk 0:33:15]} 69. Kg1 {[%clk 0:26:14]} Kh5
{[%clk 0:33:07]} 70. Rfxf3 {[%clk 0:26:08]} Rxf3 {[%clk 0:33:20]} 71. Rxf3
{[%clk 0:26:33]} Kg4 {[%clk 0:33:44]} 72. Rf6 {[%clk 0:26:48]} e5
{[%clk 0:33:51]} 73. Rxh6 {[%clk 0:26:06]} Rb2 {[%clk 0:32:05]} 74. Rg6+
{[%clk 0:25:32]} Kf3 {[%clk 0:32:28]} 75. h5 {[%clk 0:24:47]} e4 {[%clk 0:32:46]}
76. Rf6+ {[%clk 0:24:43]} Kg4 {[%clk 0:32:23]} 77. h6 {[%clk 0:24:22]} Rb7
{[%clk 0:27:16]} 78. Kf2 {[%clk 0:24:19]} Kg5 {[%clk 0:26:44]} 79. Re6
{[%clk 0:24:38]} Rf7+ {[%clk 0:26:03]} 80. Ke3 {[%clk 0:24:45]} Rf3+
{[%clk 0:26:24]} 81. Kxe4 {[%clk 0:25:10]} Rxg3 {[%clk 0:26:49]} 82. h7
{[%clk 0:25:22]} Rh3 {[%clk 0:27:15]} 1/2-1/2

[Event "MARIENBAD OPEN 2020 - A, B - closed tournaments"]
[Site "?"]
[Date "2020.01.25"]
[Round "9"]
[White "Granovskiy, Alexandr"]
[Black "Laxman, R.R."]
[Result "1/2-1/2"]
[BlackElo "2441"]
[WhiteElo "2258"]
[LiveChessVersion "1.4.8"]

1. d4 {[%clk 1:26:36]} Nf6 {[%clk 1:30:44]} 2. Bg5 {[%clk 1:27:00]} e6
{[%clk 1:30:09]} 3. e4 {[%clk 1:26:47]} h6 {[%clk 1:30:32]} 4. Bxf6
{[%clk 1:27:13]} Qxf6 {[%clk 1:30:58]} 5. Nf3 {[%clk 1:27:38]} d6
{[%clk 1:27:46]} 6. e5 {[%clk 1:27:22]} Qd8 {[%clk 1:25:17]} 7. Nbd2
{[%clk 1:26:26]} d5 {[%clk 1:24:42]} 8. Bd3 {[%clk 1:25:16]} c5 {[%clk 1:25:02]}
9. dxc5 {[%clk 1:25:09]} Bxc5 {[%clk 1:25:01]} 10. O-O {[%clk 1:21:49]} Nc6
{[%clk 1:25:14]} 11. Qe2 {[%clk 1:19:26]} O-O {[%clk 1:24:27]} 12. c4
{[%clk 1:16:50]} a5 {[%clk 1:22:24]} 13. Rad1 {[%clk 1:09:15]} Bb6
{[%clk 1:21:26]} 14. Nb1 {[%clk 1:03:59]} Qe7 {[%clk 1:20:13]} 1/2-1/2